Groups of Countries Which Border the Same Countries - Statistics

General Stats
  • This quiz has been taken 3,279 times
  • The average score is 22 of 24
Answer Stats
Hint Country % Correct
Brazil & Chile Argentina
98%
Russia & China Mongolia
98%
Sweden & Russia Finland
97%
Yemen & UAE Oman
97%
Cambodia & China Vietnam
97%
Brazil & Chile Bolivia
96%
Cambodia & China Laos
96%
Brazil & Chile Peru
96%
Yemen & UAE Saudi Arabia
96%
Turkmenistan & Pakistan Afghanistan
94%
Germany & Slovakia Austria
94%
Sweden & Russia Norway
94%
South Africa & Zambia Zimbabwe
94%
Croatia & Serbia Bosnia and Herzegovina
93%
Russia & China Kazakhstan
93%
Germany & Slovakia Poland
93%
South Africa & Zambia Botswana
92%
Croatia & Serbia Hungary
89%
South Africa & Zambia Mozambique
89%
South Africa & Zambia Namibia
89%
Russia & China North Korea
87%
Germany & Slovakia Czech Republic
86%
Turkmenistan & Pakistan Iran
85%
Croatia & Serbia Montenegro
85%
No matching quizzes found
Score Distribution
Percent of People with Each Score
Percentile by Number Answered
Your Score History
You have not taken this quiz